Portmanteaus Quiz #1 - Statistics

General Stats
  • This quiz has been taken 48,364 times
    39,341 since last reset
  • The average score is 27 of 37
Answer Stats
Portmanteau Component % Correct
Spanglish English
98%
Spanglish Spanish
98%
Brunch Breakfast
97%
Brunch Lunch
97%
Permafrost Frost
96%
Bennifer Jennifer
94%
Jeggings Leggings
94%
Brangelina Angelina
92%
Permafrost Permanent
92%
Sexile Sex
92%
McMansion Mansion
91%
Paratrooper Trooper
91%
Brangelina Brad
90%
Chunnel Tunnel
90%
Bennifer Ben
89%
Pleather Leather
89%
Smog Fog
87%
Smog Smoke
85%
Chunnel Channel
81%
Turducken Duck
81%
Jeggings Jeans
81%
Blog Log
80%
Paratrooper Parachute
78%
Turducken Turkey
75%
McMansion McDonald's
73%
Turducken Chicken
72%
Pro-Am Professional
65%
Sexile Exile
52%
Pro-Am Amateur
48%
Pleather Plastic
47%
Cyborg Cybernetic
37%
Cyborg Organism
33%
Toonie Loonie
31%
Pluot Plum
28%
Blog Web
25%
Pluot Apricot
23%
Toonie Two
21%
No matching quizzes found
Score Distribution
Percent of People with Each Score
Percentile by Number Answered
Your Score History
You have not taken this quiz since the last reset